000 00224 a2200097 4500
001 17420
100 _aMcclean
245 _aNumber theory in digital signal processing
260 _a
_bPrentice Hall
_c
090 _c12873
_d12873
942 _aNUST-CAE
_cM
_c3195
999 _c252493
_d252493